[Event "Ljubljana-chT 72nd Superliga"]
[Site "Ljubljana"]
[Date "2019.01.10"]
[Round "1.4"]
[White "Jelen, Anja"]
[Black "Jersic, Aleks"]
[Result "1-0"]
[WhiteElo "1241"]
[BlackElo "1717"]
[PlyCount "52"]
[EventDate "2019.01.10"]
[EventType "team-tourn"]
[EventRounds "7"]
[EventCountry "SLO"]
[SourceTitle "EXT 2024"]
[Source "ChessBase"]
[SourceDate "2023.10.10"]
[SourceVersion "1"]
[SourceVersionDate "2023.10.10"]
[SourceQuality "1"]
[WhiteTeam "Ig"]
[BlackTeam "Ljubljana SK"]
[WhiteTeamCountry "SLO"]
[BlackTeamCountry "SLO"]

1. e4 e5 2. Nf3 Nc6 3. Bc4 Bc5 4. c3 Nf6 5. d3 0-0 6. 0-0 d6 7. Nbd2 a6 8. Bb3 Bg4 9. Re1 h6 10. Nf1 d5 11. exd5 Nxd5 12. h3 Bh5 13. Ng3 Bg6 14. Nxe5 Nxe5 15. Rxe5 c6 16. Bxd5 cxd5 17. Qf3 f6 18. Rxd5 Qc8 19. Nf5 Kh7 20. b4 Ba7 21. Bd2 Bf7 22. Rd6 Bb8 23. Qg4 Rg8 24. Bxh6 gxh6 25. Qe4 Rg6 26. Ne7 Qxc3 1-0

[Event "SLO-ch 28th"]
[Site "Ljubljana"]
[Date "2018.05.04"]
[Round "9"]
[White "Zidar, Jernej"]
[Black "Jersic, Aleks"]
[Result "0-1"]
[WhiteElo "1449"]
[BlackElo "1688"]
[PlyCount "78"]
[EventDate "2018.04.27"]
[EventType "swiss"]
[EventRounds "9"]
[EventCountry "SLO"]
[SourceTitle "CBM 184 Extra"]
[Source "ChessBase"]
[SourceDate "2018.06.28"]
[SourceVersion "1"]
[SourceVersionDate "2018.06.28"]
[SourceQuality "1"]

1. d4 d5 2. c4 e6 3. Nf3 Nf6 4. Nc3 c6 5. Bg5 Be7 6. e3 Nbd7 7. Bd3 b6 8. 0-0 Bb7 9. Qe2 0-0 10. Rac1 Rc8 11. Rfd1 h6 12. Bh4 dxc4 13. Bxc4 Nd5 14. Bxe7 Qxe7 15. Bb3 Nxc3 16. bxc3 c5 17. c4 a6 18. Ba4 Rfd8 19. Bxd7 Rxd7 20. Ne5 Rdc7 21. f4 f6 22. Nd3 cxd4 23. exd4 Rxc4 24. Rxc4 Rxc4 25. Nc5 Bd5 26. Nb3 Qc7 27. Rd2 Qxf4 28. Rc2 Rxc2 29. Qxc2 Bxb3 30. Qc8+ Kh7 31. axb3 Qxd4+ 32. Kf1 Qd3+ 33. Ke1 Qxb3 34. Qxa6 Qb1+ 35. Kf2 e5 36. Qc4 b5 37. Qc8 b4 38. Qb7 b3 39. h4 Qc2+ 0-1

[Event "SLO-ch 28th"]
[Site "Ljubljana"]
[Date "2018.04.30"]
[Round "5"]
[White "Olenik Campa, Rudi"]
[Black "Jersic, Aleks"]
[Result "1-0"]
[WhiteElo "1574"]
[BlackElo "1688"]
[PlyCount "51"]
[EventDate "2018.04.27"]
[EventType "swiss"]
[EventRounds "9"]
[EventCountry "SLO"]
[SourceTitle "CBM 184 Extra"]
[Source "ChessBase"]
[SourceDate "2018.06.28"]
[SourceVersion "1"]
[SourceVersionDate "2018.06.28"]
[SourceQuality "1"]

1. e4 e6 2. d4 d5 3. exd5 exd5 4. Nf3 Nf6 5. Bd3 Be7 6. 0-0 0-0 7. c3 Nbd7 8. Nbd2 b6 9. Re1 Bb7 10. b3 c5 11. Bb2 Re8 12. Rc1 Qc7 13. c4 Rac8 14. Qc2 Qd6 15. Ne5 dxc4 16. Ndxc4 Qd5 17. Ne3 Qd6 18. Nxd7 Nxd7 19. Nf5 Qc6 20. d5 Qc7 21. Nxe7+ Rxe7 22. Rxe7 Bxd5 23. Rce1 Be6 24. Qc3 Kf8 25. R1xe6 fxe6 26. Qxg7# 1-0

[Event "SLO-ch 28th"]
[Site "Ljubljana"]
[Date "2018.04.28"]
[Round "3"]
[White "Mihelic, Vesna"]
[Black "Jersic, Aleks"]
[Result "0-1"]
[WhiteElo "1791"]
[BlackElo "1688"]
[PlyCount "212"]
[EventDate "2018.04.27"]
[EventType "swiss"]
[EventRounds "9"]
[EventCountry "SLO"]
[SourceTitle "CBM 184 Extra"]
[Source "ChessBase"]
[SourceDate "2018.06.28"]
[SourceVersion "1"]
[SourceVersionDate "2018.06.28"]
[SourceQuality "1"]

1. e4 c5 2. Nf3 d6 3. d4 cxd4 4. Qxd4 Nc6 5. Bb5 Bd7 6. Bxc6 bxc6 7. c4 Nf6 8. Nc3 g6 9. 0-0 Bg7 10. Qd3 0-0 11. Rd1 c5 12. Be3 Qc7 13. Rd2 Bc6 14. Nd5 Nxd5 15. exd5 Bd7 16. Re1 Bf5 17. Qe2 h6 18. Bf4 Rfe8 19. Qe3 g5 20. Bxg5 hxg5 21. Qxg5 Bg6 22. h4 Bf6 23. Qh6 Qd7 24. h5 Bh7 25. Re3 Qf5 26. Nh2 Kh8 27. Nf3 Kg8 28. Nh2 Kh8 29. Nf3 Rg8 30. Rde2 Bg7 31. Qg5 Qxg5 32. Nxg5 Bf6 33. f4 Bd4 34. Nxf7+ Kg7 35. Ng5 Bxe3+ 36. Rxe3 Rae8 37. h6+ Kxh6 38. Rh3+ Kg6 39. Rxh7 Rh8 40. Rxh8 Rxh8 41. g3 Rb8 42. b3 a5 43. Ne4 a4 44. Nd2 axb3 45. axb3 Ra8 46. Kf2 Ra2 47. Ke3 Kf5 48. Kd3 Ra7 49. Kc3 Rb7 50. Nb1 Kg4 51. Na3 Kxg3 52. Nb5 Kxf4 53. b4 cxb4+ 54. Kxb4 Ke5 55. Kc3 Rb8 56. Nd4 Kf6 57. Nb5 Ra8 58. Nd4 Kf7 59. Kb3 Ke8 60. Kb4 Rc8 61. Kb5 Kd7 62. Kb4 Rb8+ 63. Kc3 Kc7 64. Nc6 Re8 65. Nd4 Kb6 66. Kb4 Rh8 67. Nf5 Rh7 68. Nd4 Rh1 69. Nb3 Rb1 70. Kc3 Rh1 71. Kb4 Rh4 72. Kc3 Re4 73. Kb4 Kc7 74. Kc3 Kd7 75. Nd4 Re3+ 76. Kb4 Rd3 77. Nb5 Kc8 78. Nc3 Re3 79. Nb5 Re1 80. Nd4 Kb7 81. Nb3 e5 82. dxe6 Rxe6 83. Kb5 Kc7 84. Nd4 Re1 85. Kb4 Re4 86. Kc3 Kb6 87. Nb3 Re8 88. Kd4 Re1 89. Kc3 Kc6 90. Na5+ Kd7 91. Nb3 Rh1 92. Nd4 Ke7 93. Kd3 Rd1+ 94. Ke4 Kd7 95. Ke3 Kc7 96. Nb3 Kb6 97. Ke2 Rb1 98. Nd2 Rh1 99. Kd3 Kc5 100. Nb3+ Kb4 101. Nd2 Rd1 102. Ke3 Rxd2 103. Kxd2 Kxc4 104. Kc2 Kd4 105. Kd2 d5 106. Kc2 Ke3 0-1

[Event "Bled op"]
[Site "Bled"]
[Date "2017.03.10"]
[Round "1"]
[White "Maksimovic, Bojan"]
[Black "Jersic, Aleks"]
[Result "1-0"]
[WhiteElo "2267"]
[BlackElo "1736"]
[PlyCount "113"]
[EventDate "2017.03.10"]
[EventType "swiss"]
[EventRounds "5"]
[EventCountry "SLO"]
[SourceTitle "EXT 2019"]
[Source "ChessBase"]
[SourceDate "2018.10.10"]
[SourceVersion "1"]
[SourceVersionDate "2018.10.10"]
[SourceQuality "1"]

1. Nf3 Nf6 2. g3 g6 3. Bg2 Bg7 4. 0-0 0-0 5. d4 d5 6. c4 c6 7. Nc3 Bg4 8. b3 Bxf3 9. Bxf3 e6 10. Bb2 Nbd7 11. Rc1 Qe7 12. Bg2 a6 13. Na4 Rac8 14. Qd2 Rfd8 15. Rc2 dxc4 16. bxc4 b5 17. Nc3 Nb6 18. c5 Nc4 19. Qc1 Nxb2 20. Qxb2 Nd5 21. Nxd5 exd5 22. e3 f5 23. Qa3 Qb7 24. h4 Re8 25. Bf3 h5 26. Qa5 Re7 27. Rc3 Ra8 28. Ra3 Qc7 29. Qb6 Qxb6 30. cxb6 Rb7 31. Rc3 Rxb6 32. Rxc6 Rxc6 33. Bxd5+ Kf8 34. Bxc6 Ra7 35. Rb1 Rc7 36. Bd5 Bf6 37. Kg2 Kg7 38. Kf3 Rd7 39. Bb3 Rc7 40. Ke2 a5 41. Kd2 b4 42. Rc1 Rxc1 43. Kxc1 g5 44. hxg5 Bxg5 45. Kd2 h4 46. gxh4 Bxh4 47. f3 Kf6 48. Kd3 Ke7 49. e4 fxe4+ 50. fxe4 Kd6 51. e5+ Kd7 52. Ke4 Bd8 53. Ba4+ Kc8 54. d5 b3 55. axb3 Bh4 56. d6 Bg3 57. Kd5 1-0

[Event "SLO-ch U12"]
[Site "Ptuj"]
[Date "2017.03.02"]
[Round "8"]
[White "Vaupot, Luka"]
[Black "Jersic, Aleks"]
[Result "0-1"]
[WhiteElo "1281"]
[BlackElo "1736"]
[PlyCount "108"]
[EventDate "2017.02.27"]
[EventType "swiss"]
[EventRounds "9"]
[EventCountry "SLO"]
[SourceTitle "CBM 177 Extra"]
[Source "ChessBase"]
[SourceDate "2017.04.27"]
[SourceVersion "1"]
[SourceVersionDate "2017.04.27"]
[SourceQuality "1"]

1. d4 Nf6 2. c4 c5 3. Nf3 cxd4 4. Nxd4 e5 5. Nb5 d5 6. cxd5 Bc5 7. N5c3 0-0 8. e3 e4 9. Be2 Bf5 10. a3 Qe7 11. b4 Bd6 12. Ra2 Nbd7 13. Rd2 Rac8 14. Bb2 Rfd8 15. Nb5 a6 16. Nxd6 Qxd6 17. Nc3 Nb6 18. 0-0 Rc7 19. Rd4 Rcd7 20. Qd2 Nbxd5 21. Bc4 Ng4 22. g3 Qh6 23. h4 Nb6 24. Rxd7 Rxd7 25. Qe2 Ne5 26. Bb3 Nf3+ 27. Kg2 Rd2 28. Rd1 Qd6 29. Rxd2 Nxd2 30. Qd1 Qd7 31. Ne2 Bg4 32. Bc2 Bf3+ 33. Kh2 Nbc4 34. Bc3 Qg4 35. Bxd2 Bxe2 36. Qe1 Qf3 37. Bxe4 Nxd2 38. Qxd2 Qxf2+ 39. Bg2 h6 40. Kh1 g6 41. Kh2 Kg7 42. Qd4+ Kh7 43. Qd2 g5 44. Qc2+ Kg7 45. Qc3+ Kg6 46. Qc2+ Kh5 47. Qd2 gxh4 48. Qd5+ Kg6 49. Qd2 Qxg3+ 50. Kh1 Bg4 51. Qd4 Bf3 52. Qb6+ Kh7 53. Bxf3 Qxf3+ 54. Kh2 h3 0-1

[Event "SLO-ch U12"]
[Site "Ptuj"]
[Date "2017.02.27"]
[Round "1"]
[White "Jersic, Aleks"]
[Black "Knavs, Peter"]
[Result "1-0"]
[WhiteElo "1736"]
[BlackElo "1143"]
[PlyCount "113"]
[EventDate "2017.02.27"]
[EventType "swiss"]
[EventRounds "9"]
[EventCountry "SLO"]
[SourceTitle "CBM 177 Extra"]
[Source "ChessBase"]
[SourceDate "2017.04.27"]
[SourceVersion "1"]
[SourceVersionDate "2017.04.27"]
[SourceQuality "1"]

1. e4 e5 2. Nf3 Nc6 3. Nc3 Nf6 4. d4 exd4 5. Nd5 Bc5 6. Bg5 Be7 7. Nxe7 Qxe7 8. Bd3 h6 9. Bxf6 Qxf6 10. 0-0 0-0 11. Bb5 Re8 12. Re1 a6 13. Bxc6 dxc6 14. e5 Qf4 15. Qxd4 Qxd4 16. Nxd4 c5 17. Nb3 b6 18. Rad1 Be6 19. f4 Red8 20. h3 Bf5 21. Na1 h5 22. Kf2 Rd7 23. Rxd7 Bxd7 24. Rd1 Bc6 25. g4 hxg4 26. hxg4 Kf8 27. Nb3 Ke7 28. Nd2 Rd8 29. Ke3 Bd7 30. f5 Bc6 31. Rf1 f6 32. e6 Rd4 33. Rf4 Rd5 34. Rf1 Re5+ 35. Kf2 Rd5 36. Nf3 Rd6 37. Rh1 Rd2+ 38. Nxd2 Bxh1 39. Nf3 a5 40. c3 c4 41. Nd2 Bd5 42. Ke3 c6 43. Kd4 b5 44. a4 Kd6 45. Ne4+ Bxe4 46. Kxe4 bxa4 47. Kd4 a3 48. bxa3 a4 49. Kxc4 Ke7 50. Kc5 Kd8 51. Kxc6 Ke8 52. Kd6 Kd8 53. e7+ Ke8 54. Ke6 g5 55. fxg6 f5 56. g7 fxg4 57. g8Q# 1-0

[Event "Nova Gorica op 22nd"]
[Site "Nova Gorica"]
[Date "2017.01.27"]
[Round "1"]
[White "Berke, Ana"]
[Black "Jersic, Aleks"]
[Result "1-0"]
[WhiteElo "2195"]
[BlackElo "1672"]
[PlyCount "63"]
[EventDate "2017.01.27"]
[EventType "swiss"]
[EventRounds "9"]
[EventCountry "SLO"]
[SourceTitle "CBM 176 Extra"]
[Source "ChessBase"]
[SourceDate "2017.03.02"]
[SourceVersion "1"]
[SourceVersionDate "2017.03.02"]
[SourceQuality "1"]

1. e4 e6 2. c4 d5 3. exd5 exd5 4. cxd5 Nf6 5. Nc3 Nxd5 6. d4 Bb4 7. Bd2 0-0 8. Nf3 Be6 9. Bd3 Nb6 10. 0-0 Nc6 11. Bg5 Qd7 12. a3 Bxc3 13. bxc3 h6 14. Be3 Bd5 15. Ne5 Nxe5 16. dxe5 Qe6 17. Qh5 Qc6 18. Qf5 g6 19. Qh3 h5 20. Bd4 Qe6 21. Qg3 Bc4 22. f4 Bxd3 23. Qxd3 Qf5 24. Qxf5 gxf5 25. Rf3 Kh7 26. Rd1 Nc4 27. Rg3 Rad8 28. Rg5 f6 29. exf6 Rxf6 30. Re1 Rf7 31. Rxh5+ Kg8 32. Rh8# 1-0

[Event "Krk Golden Island op 4th"]
[Site "Malinska"]
[Date "2016.10.29"]
[Round "1"]
[White "Mandekic, Ivan"]
[Black "Jersic, Aleks"]
[Result "1-0"]
[WhiteElo "2224"]
[BlackElo "1686"]
[PlyCount "79"]
[EventDate "2016.10.29"]
[EventType "swiss"]
[EventRounds "9"]
[EventCountry "CRO"]
[SourceTitle "CBM 175 Extra"]
[Source "ChessBase"]
[SourceDate "2016.12.12"]
[SourceVersion "1"]
[SourceVersionDate "2016.12.12"]
[SourceQuality "1"]

1. c4 e6 2. g3 d5 3. Nf3 Nf6 4. Bg2 Nbd7 5. 0-0 dxc4 6. Na3 Nb6 7. Qc2 Bxa3 8. bxa3 Bd7 9. Bb2 Bc6 10. Ne5 Bxg2 11. Kxg2 Qd5+ 12. f3 Rd8 13. Rfd1 0-0 14. Rac1 c6 15. Nxc4 Nxc4 16. Qxc4 Qxc4 17. Rxc4 Rd7 18. d3 Rd5 19. a4 Rd7 20. Rb1 Nd5 21. Kf2 Rc8 22. a5 b6 23. Rbc1 bxa5 24. Rxc6 Rxc6 25. Rxc6 Nb6 26. Bc3 a4 27. Ba5 g6 28. Bxb6 axb6 29. Rxb6 Ra7 30. a3 Kg7 31. f4 Kf6 32. g4 Ra5 33. g5+ Kg7 34. d4 h6 35. h4 hxg5 36. hxg5 Kf8 37. Ke3 Ke7 38. Rb7+ Kd6 39. Ke4 Kc6 40. Rxf7 1-0

[Event "Arco op 38th"]
[Site "Arco"]
[Date "2016.10.14"]
[Round "7"]
[White "Bondielli, Giorgio"]
[Black "Jersic, Aleks"]
[Result "1/2-1/2"]
[WhiteElo "1758"]
[BlackElo "1686"]
[PlyCount "31"]
[EventDate "2016.10.08"]
[EventType "swiss"]
[EventRounds "9"]
[EventCountry "ITA"]
[SourceTitle "EXT 2017"]
[Source "ChessBase"]
[SourceDate "2016.10.25"]
[SourceVersion "1"]
[SourceVersionDate "2016.10.25"]
[SourceQuality "1"]

1. e4 e6 2. d4 d5 3. exd5 exd5 4. Nf3 Nf6 5. Be3 Bd6 6. Be2 0-0 7. Nc3 b6 8. Bg5 Bb7 9. 0-0 Nbd7 10. Bd3 c5 11. Bf5 c4 12. Qd2 Bc6 13. Rfe1 h6 14. Bxh6 gxh6 15. Qxh6 Re8 16. Qg5+ 1/2-1/2

[Event "EU Union-ch U10 13th"]
[Site "Mureck"]
[Date "2015.08.11"]
[Round "7"]
[White "Lukac, Alina"]
[Black "Jersic, Aleks"]
[Result "0-1"]
[WhiteElo "1236"]
[BlackElo "1443"]
[PlyCount "160"]
[EventDate "2015.08.05"]
[EventType "swiss"]
[EventRounds "9"]
[EventCountry "AUT"]
[SourceTitle "EXT 2016"]
[Source "ChessBase"]
[SourceDate "2015.10.08"]
[SourceVersion "1"]
[SourceVersionDate "2015.10.08"]
[SourceQuality "1"]

1. e4 c5 2. Nc3 d6 3. Nge2 g6 4. g3 Bg7 5. Bg2 Nc6 6. d3 Bd7 7. 0-0 Nf6 8. h3 0-0 9. Be3 Qb6 10. b3 Qa5 11. Qd2 Ne8 12. Rae1 Rb8 13. a4 Nd4 14. Bxd4 cxd4 15. Nb1 Qxd2 16. Nxd2 e5 17. c4 dxc3 18. Nxc3 Be6 19. b4 Rc8 20. Nd5 Bxd5 21. exd5 Rc3 22. Re3 Nf6 23. Ne4 Nxe4 24. dxe4 Rxe3 25. fxe3 Rc8 26. Rb1 Rc3 27. Kf2 Bh6 28. Re1 Rb3 29. b5 Ra3 30. Kf3 Rxa4 31. Rb1 Ra3 32. Re1 Rb3 33. Bf1 Kf8 34. Bc4 Rc3 35. Bf1 Ra3 36. h4 Ke7 37. g4 f6 38. Kf2 Kd7 39. Bc4 Kc7 40. Kf3 Kb6 41. Kf2 Kc5 42. Bf1 Kb4 43. Rb1+ Kc3 44. Re1 a6 45. bxa6 bxa6 46. Bh3 a5 47. Rg1 a4 48. g5 fxg5 49. hxg5 Bf8 50. Be6 Ra2+ 51. Kg3 Re2 52. Kf3 Rh2 53. Ra1 Kb3 54. Bf7 a3 55. Be8 a2 56. Bb5 Kb2 57. Rxa2+ Kxa2 58. Kg3 Rh5 59. Kg4 Be7 60. Be2 Rxg5+ 61. Kh4 Rg2+ 62. Kh3 Rxe2 63. Kg4 h5+ 64. Kf3 Rd2 65. Kg3 Rd3 66. Kf2 h4 67. Kf3 h3 68. Kf2 Rxe3 69. Kg1 h2+ 70. Kxh2 Rxe4 71. Kg3 Rf4 72. Kg2 e4 73. Kg3 g5 74. Kg2 e3 75. Kg3 e2 76. Kg2 e1Q 77. Kh3 g4+ 78. Kh2 Rf3 79. Kg2 Qf2+ 80. Kh1 Rh3# 0-1